00328 2200145 4500001002100000005001500021035002000036245003400056100001700090300001200107260001700119082000800136084001400144990002400158INLIS00000000000225420250527023544 a0010-05250005461 aOlahraga Alam /cNono Darsono0 aNono Darsono a149 hlm bPerca,c2008 a700 a700 NON o a0713173 s/d 0713174